| 000 | 01110nam a2200301 a 4500 | ||
|---|---|---|---|
| 001 | 000006257 | ||
| 003 | OSt | ||
| 005 | 20221123092952.0 | ||
| 008 | 090827s1974 dr 000 0 spa d | ||
| 040 |
_aDO-SdBNP _bspa _cBNPHU |
||
| 082 |
_a370.097293 _bE24c |
||
| 110 | _a | ||
| 245 | 1 | 0 |
_aEducación y cambio social en la República Dominicana : _bcriterios para la reforma educativa en una sociedad en transición /prólogo Ramón Flores. |
| 260 |
_aSanto Domingo : _bIntec, _c1974 _fTaller. |
||
| 300 |
_a169 p. : ; _c21 cm. |
||
| 504 | _aIncluye referencias bibliográficas y notas al pie de las páginas | ||
| 504 | _aIncluye bibliografías (p.130-131) | ||
| 590 | _aInventariado, 2020 / DG | ||
| 650 | 4 |
_aEducación _xAspectos sociales. |
|
| 650 | 4 | _aMétodos de enseñanza. | |
| 650 | 4 |
_aPolítica educativa _zRepública Dominicana |
|
| 650 | 4 |
_aReforma educativa _zRepública Dominicana |
|
| 650 | 4 |
_aCambio social _zRepública Dominicana |
|
| 700 | 1 |
_aFlores, Ramón _epról. |
|
| 710 | 2 | _aInstituto Tecnológico de Santo Domingo | |
| 910 | _aVMateo V,/Validado | ||
| 942 |
_2ddc _cBK |
||
| 999 |
_c14344 _d14344 |
||